000 00389nam a2200157Ia 4500
008 230312s9999||||xx |||||||||||||| ||und||
020 _a81-7554-107-5
082 _a658
_bATH
100 _aAtherton, Tony
245 0 _aHow to be better In Delegation and Coaching
260 _bKogan Page
_aLondon
_c2000
300 _a160
546 _aEng.
650 _aManagement
_vNot a Fad
942 _cBK
999 _c952
_d952